| 000 | 00452nam a2200181Ia 4500 | ||
|---|---|---|---|
| 001 | 3521 | ||
| 005 | 20260306145649.0 | ||
| 008 | 260306t2011||||xx |||||||||||||| ||spa|| | ||
| 041 | _aESP | ||
| 082 |
_a285.8 _bJ72 |
||
| 100 |
_aJones, Stanton L. _eAUT |
||
| 245 | 0 |
_aModern psychotherapies: _ba comprehensive christian appraisal |
|
| 260 | _c2011 | ||
| 300 |
_a496 páginas : _c24 cm. |
||
| 650 | _aGEN | ||
| 654 | _aCHU | ||
| 942 |
_cLIB _dJUS _fJUS _2ddc _n |
||
| 999 |
_c3521 _d3521 |
||